000 00441nam a2200157 i 4500
001 42084
003 ES-MaACL
005 20230906160539.0
007 t|
008 030312s1968 sp ||||1| spa d
100 1 _aCastañón, Jesús.
_936443
245 1 3 _aEl rey de las estrellas /
_cJesús Castañón Díaz.
260 _aPalencia :
_b[s.n.,
_c1968] (
_fDiario Día)
300 _a38 h. ;
_c20 cm.
852 _aES-MaACL
_jC-34209
_bR.265306
999 _c42084
_d42084